000 00921nam a2200241Ia 4500
001 16971
003 GE_BSU
008 181216s||||||||xx |||||||||||||| ||und||
040 _cGE_BSU
080 _a821.353.1-4
100 _aგუმბერიძე, ოთარ
245 _aუსამხრეო მესაზღვრეები
245 _bბრძოლა საზღვრის დამრღვევებთან
260 _aთბილისი
260 _bსაბჭ. საქართველო
260 _c1965
300 _a119გვ. ; 20სმ.
653 _aბრძოლა საზღვრის დამრღვევებთან
653 _aმოთხრობა
653 _aმხატვრ. ნარკვევების კრებული
653 _aუსამხრეო მესაზღვრეები
942 _cBK
999 _c50033
_d50033